South Africa in transition: the report of the Commonwealth observer mission to South Africa, phase III: August-December 1993 (Record no. 76676)

MARC details
000 -LEADER
fixed length control field 00896nam a2200181 a 4500
008 - FIXED-LENGTH DATA ELEMENTS--GENERAL INFORMATION
fixed length control field 101015s1994 ||||||||||||||||| || u
050 ## - LIBRARY OF CONGRESS CALL NUMBER
Classification number COMM(02)
110 ## - MAIN ENTRY--CORPORATE NAME
Corporate name or jurisdiction name as entry element Commonwealth Secretariat
245 10 - TITLE STATEMENT
Title South Africa in transition: the report of the Commonwealth observer mission to South Africa, phase III: August-December 1993
260 ## - PUBLICATION, DISTRIBUTION, ETC.
Place of publication, distribution, etc. London:
Name of publisher, distributor, etc. Commonwealth Secretariat
Date of publication, distribution, etc. 1994
300 ## - PHYSICAL DESCRIPTION
Extent vi, 86p.: ill.
350 ## -
-- 0.00
490 ## -
-- Commonwealth observer report
650 ## - SUBJECT ADDED ENTRY--TOPICAL TERM
Topical term or geographic name entry element POLITICS
650 ## - SUBJECT ADDED ENTRY--TOPICAL TERM
Topical term or geographic name entry element SOUTH AFRICA--POLITICS AND GOVERNMENT--1989-
995 ## -
-- SPECIAL COLLECTIONS
-- 0.00
-- 03007194
-- CBU-MAIN LIBRARY (Kitwe)
-- 1
-- 0.00
-- COMM(02)1994/1A
-- 1
-- AVAILABLE
-- Oct 15, 2010
-- Z03007194
-- International Publications
995 ## -
-- SPECIAL COLLECTIONS
-- 0.00
-- 03007195
-- CBU-MAIN LIBRARY (Kitwe)
-- 1
-- 0.00
-- COMM(02)1994/1B
-- 2
-- AVAILABLE
-- Oct 15, 2010
-- Z03007195
-- International Publications
999 ## -
-- 76676
-- 76676
Holdings
Withdrawn status Lost status Source of classification or shelving scheme Damaged status Not for loan Permanent Location Current Location Shelving location Date acquired Total Checkouts Full call number Barcode Date last seen Copy number Price effective from Koha item type
          CBU-MAIN LIBRARY, KITWE. CBU-MAIN LIBRARY, KITWE.   04/25/2023   COMM(02)1994/1A Z03007194 04/25/2023 1 04/25/2023 SPECIAL COLLECTION
          CBU-MAIN LIBRARY, KITWE. CBU-MAIN LIBRARY, KITWE.   04/25/2023   COMM(02)1994/1B Z03007195 04/25/2023 2 04/25/2023 SPECIAL COLLECTION